000 00361 a2200157 4500
001 15695
020 _a9788508115808
040 _cAnchieta - Bela Vista
100 _aAzevedo, Ricardo
240 1 0 _aContos de adivinhação
_lpor
245 1 0 _aContos de adivinhação
300 _a72
362 0 _a2008
650 4 _aLiteratura infanto-juvenil
942 _cBK
999 _c15695
_d15695